000 00478nam a22001577a 4500
003 CEME
005 20210628210513.0
008 210208b xxu||||| |||| 00| 0 eng d
040 _c.
082 _a696.1 GRA
100 _aGraham, Frank.D
_942150
245 _aAudels plumbers anf steam fitters a practical illustrated trade assistant and ready refrence
260 _aNEW YORK
_bTHEO AUDELS & CO
_c1963
650 _aPLUMBERS ANF STEAM FITTERS-GUIDE
_979659
942 _cBK
_2ddc
999 _c584676
_d584676